ここの自治体に鉄道駅はある? - Statistics

General Stats
  • This quiz has been taken 69 times
  • The average score is 30 of 47
Answer Stats
Hint Answer % Correct
立山町 ある
86%
高鍋町 ある
86%
柴田町 ある
82%
滑川町 ある
82%
八重瀬町 ない
82%
弟子屈町 ある
76%
三木町 ある
76%
玉川村 ある
75%
甲良町 ある
75%
府中町 ある
75%
曽於市 ある
73%
聖籠町 ない
73%
玉城町 ある
71%
邑楽町 ある
69%
阿見町 ない
69%
三朝町 ない
69%
邑南町 ない
69%
七宗町 ある
67%
有田川町 ある
67%
粕屋町 ある
67%
平生町 ない
67%
五戸町 ない
65%
日の出町 ない
65%
住田町 ある
63%
東庄町 ある
63%
井手町 ある
63%
広陵町 ある
63%
藍住町 ある
63%
鏡野町 ない
63%
砥部町 ない
63%
稲美町 ない
61%
川北町 ない
59%
上三川町 ない
57%
清水町(静岡県) ない
57%
太子町(大阪府) ない
57%
五城目町 ない
53%
河北町 ない
53%
阿南町 ない
53%
豊後高田市 ない
53%
中井町 ない
51%
上峰町 ない
51%
時津町 ない
49%
東郷町 ない
47%
氷川町 ない
45%
越前町 ない
43%
土佐町 ない
43%
富士川町 ない
39%
No matching quizzes found
Score Distribution
Percent of People with Each Score
Percentile by Number Answered
Your Score History
You have not taken this quiz